000 00650nam a22002177a 4500
003 LC
005 20160229100222.0
008 121114t xxu||||| |||| 00| 0 eng d
020 _a9780099506188
050 _aPR 6101
_b.Al365 2008
082 _aFIC Al2c
_b2007
100 _aAldridge, Kitty
245 _aCryers hill /
_cKitty Aldridge
260 _aLondon
_bVintage Books
_cc2008.
300 _g19.8 cm
_a344 p. :
650 _aYoung men -- England -- Buckinghamshire -- Fiction.
650 _aOutdoor life -- England -- Buckinghamshire -- Fiction.
650 _aSoldiers -- Correspondence -- Fiction.
942 _2lcc
_cBK
999 _c1168
_d1168